000 01214namaa2200325 i 4500
003 EG-GICUC
005 20260415143111.0
008 260415s1979 ua |||jr|||| 000 0 ara d
017 _a1979 / 1689
_bدار الكتب والوثائق القومية (مصر)
020 _a9777307454
040 _aEG-GiCUC
_bara
_cEG-GiCUC
_dEG-GiCUC
_erda
082 0 4 _221
_a410.1
_bI18
092 0 4 _221
_a410.1
_bI18
099 _a410.1 I18
100 1 _aعيد، رجاء
_eمؤلف.
245 1 _aفلسفة البلاغة بين التقنية والتطور /
_cدكتور رجاء عيد.
264 _aالاسكندرية (مصر) :
_bمنشاة المعارف،
_c[1979].
300 _a246 صفحة ؛
_c24 سم
336 _2rdacontent
_atext
337 _2rdamedia
_aUnmediated
338 _2rdacarrier
_avolume
504 _aيشتمل على ارجاعات ببليوجرافية.
541 _aد. جابر عصفور ؛
_bالقاهرة ؛
_cإهداء ؛
_d2024.
650 1 7 _aاللغة العربية
_xفلسفة
_2qrmak
650 1 7 _aاللغة العربية
_xالبلاغة
_2qrmak
650 1 7 _aالبلاغة العربية
_2qrmak
651 1 _2qrmak
905 _aAya
942 _2ddc
_cBK
_e21
_n0
999 _c179511
_d179511